[Event "COL-ch U1700"]
[Site "Pereira"]
[Date "2019.03.25"]
[Round "9"]
[White "Becerra Munoz, Harold David"]
[Black "Ramos Rocha, Natalia"]
[Result "1-0"]
[WhiteElo "1600"]
[BlackElo "1334"]
[PlyCount "58"]
[EventDate "2019.03.21"]
[EventType "swiss"]
[EventRounds "9"]
[EventCountry "COL"]
[SourceTitle "CBM 189 Extra"]
[Source "ChessBase"]
[SourceDate "2019.06.03"]
[SourceVersion "1"]
[SourceVersionDate "2019.06.03"]
[SourceQuality "1"]

1. d4 d5 2. Bf4 Nc6 3. Nf3 Nf6 4. e3 a6 5. Nbd2 Bg4 6. h3 Bh5 7. c3 e5 8. dxe5 Nxe5 9. Qa4+ Nc6 10. Ne5 b5 11. Bxb5 axb5 12. Qxb5 Bd6 13. Qxc6+ Nd7 14. Nxd7 Bxf4 15. exf4 Qe7+ 16. Ne5+ Kf8 17. Qxa8+ Qe8 18. Qxe8+ Kxe8 19. g4 f6 20. gxh5 fxe5 21. fxe5 Kd7 22. f4 Rf8 23. 0-0 h6 24. f5 c5 25. Rae1 Kc6 26. f6 gxf6 27. Rxf6+ Rxf6 28. exf6 d4 29. cxd4 cxd4 1-0

[Event "COL-ch U1700"]
[Site "Pereira"]
[Date "2019.03.25"]
[Round "8"]
[White "Moreno Marino, Juan Nicolas"]
[Black "Becerra Munoz, Harold David"]
[Result "1-0"]
[WhiteElo "1556"]
[BlackElo "1600"]
[PlyCount "57"]
[EventDate "2019.03.21"]
[EventType "swiss"]
[EventRounds "9"]
[EventCountry "COL"]
[SourceTitle "CBM 189 Extra"]
[Source "ChessBase"]
[SourceDate "2019.06.03"]
[SourceVersion "1"]
[SourceVersionDate "2019.06.03"]
[SourceQuality "1"]

1. e4 e6 2. d4 d5 3. e5 c5 4. c3 Nc6 5. Nf3 Qb6 6. a3 a5 7. Bd3 Bd7 8. Bc2 Nge7 9. 0-0 cxd4 10. cxd4 Ng6 11. h4 Be7 12. h5 Nf8 13. h6 g6 14. Nc3 f6 15. Re1 fxe5 16. dxe5 Nd8 17. Rb1 Nf7 18. Be3 Qc7 19. Rc1 b5 20. Bb3 Qd8 21. Qd3 Rb8 22. Bd2 b4 23. Nxd5 exd5 24. e6 Nd6 25. exd7+ Qxd7 26. Qxd5 Nf5 27. Qf7+ Kd8 28. Ne5 Nd6 29. Nxd7 1-0